000 01234nam a2200169 4500
999 _c509699
_d509699
008 190520b ||||| |||| 00| 0 eng d
100 _aDhaka, Rajvir S.
_93377
245 _aThe RTI regime in urban segments of the most backward district of India, a study of Nuh (Haryana)
260 _c2018
300 _ap.29-39.
520 _aThis paper seeks to explore the extent to which the RTI regime has been institutionalized in the urban segments of Nuh district of Haryana by administering an interview schedule to the information providers of four key departments. The information gathered through these has been cross-checked through participatory observation. It has been informed that the information providers are lacking in culture of transparency and also lack the needed competence to perform their role. This, however, cannot be ascribed to the backwardness of the district. Hence, it has been suggested that training programmes should be organized for their capacity building and orientation programmes be held for changing their mindset. - Reproduced.
650 _aCapacity building - India - Haryana
_95833
700 _aThapar, Anuja
_95832
773 _aNagarlok
906 _aRight to Information
942 _2ddc
_cAR